[Event "SVK-chT2B 0607"]
[Site "Slovakia"]
[Date "2006.12.17"]
[Round "6.5"]
[White "Hlinka, Miroslav"]
[Black "Langova, Katarina"]
[Result "1-0"]
[WhiteElo "2131"]
[BlackElo "1962"]
[PlyCount "107"]
[EventDate "2006.10.14"]
[EventType "team-tourn"]
[EventRounds "11"]
[EventCountry "SVK"]
[SourceTitle "EXT 2008"]
[Source "ChessBase"]
[SourceDate "2007.11.25"]
[SourceVersion "1"]
[SourceVersionDate "2007.11.25"]
[SourceQuality "1"]
[WhiteTeam "Povazska Bystrica"]
[BlackTeam "Topolcany"]
[WhiteTeamCountry "SVK"]
[BlackTeamCountry "SVK"]

1. d4 d5 2. Nf3 Nf6 3. c4 c6 4. Nc3 h6 5. Bf4 Bf5 6. e3 e6 7. Qb3 Qc8 8. cxd5 exd5 9. Rc1 Nbd7 10. Nb5 a5 11. Nc7+ Kd8 12. Nxa8 Bb4+ 13. Kd1 Qxa8 14. a3 Be7 15. Bd3 a4 16. Qc2 Ne4 17. Ke2 g5 18. Bg3 h5 19. h3 Re8 20. Bh2 Bf6 21. Ne5 Nxe5 22. dxe5 Bxe5 23. f3 Bxh2 24. fxe4 dxe4 25. Bc4 Bg3 26. Bxf7 Rf8 27. Bc4 Bg4+ 28. hxg4 Rf2+ 29. Kd1 Rxc2 30. Rxc2 h4 31. Rf1 Qa5 32. Rd2+ Kc7 33. Rf7+ Kb8 34. Rdd7 Qe1+ 35. Kc2 Qxe3 36. Rxb7+ Ka8 37. Ba6 Qc5+ 38. Kb1 Bd6 39. Rfd7 Bb8 40. Rd8 Qg1+ 41. Ka2 Qh2 42. Rdxb8+ Qxb8 43. Rxb8+ Kxb8 44. b3 Ka7 45. Be2 axb3+ 46. Kxb3 Kb6 47. Kc4 Ka5 48. Kc5 Ka4 49. Kxc6 Kxa3 50. Kd5 e3 51. Ke4 Kb4 52. Kxe3 Kc5 53. Ke4 Kd6 54. Kf5 1-0

[Event "SVK-chT2B 0607"]
[Site "Slovakia"]
[Date "2006.10.14"]
[Round "1.5"]
[White "Hlinka, Miroslav"]
[Black "Bottyan, Peter"]
[Result "1/2-1/2"]
[WhiteElo "2131"]
[BlackElo "2195"]
[PlyCount "96"]
[EventDate "2006.10.14"]
[EventType "team-tourn"]
[EventRounds "11"]
[EventCountry "SVK"]
[SourceTitle "EXT 2008"]
[Source "ChessBase"]
[SourceDate "2007.11.25"]
[SourceVersion "1"]
[SourceVersionDate "2007.11.25"]
[SourceQuality "1"]
[WhiteTeam "Povazska Bystrica"]
[BlackTeam "Komarno KSC"]
[WhiteTeamCountry "SVK"]
[BlackTeamCountry "SVK"]

1. e4 c5 2. Nf3 e6 3. d4 cxd4 4. Nxd4 Nf6 5. Bd3 Bc5 6. Nb3 Be7 7. 0-0 Nc6 8. Qe2 d6 9. Be3 d5 10. exd5 Nxd5 11. Bd2 0-0 12. Nc3 Ndb4 13. Be4 f5 14. Bxc6 bxc6 15. Rad1 Qc7 16. Na4 Nd5 17. g3 f4 18. Ba5 f3 19. Qe4 Qb8 20. Nd4 Nf4 21. gxf4 Rxf4 22. Qe3 Bg5 23. Nxc6 Rg4+ 24. Kh1 Bxe3 25. Nxb8 Bf4 26. Rd4 Rh4 27. Rfd1 Rxb8 28. Rxf4 Rxf4 29. Bc7 Rxa4 30. Bxb8 Rxa2 31. h3 Ba6 32. Be5 Ra5 33. Rd8+ Kf7 34. Rd7+ Kg6 35. Bxg7 Bf1 36. Bc3 Bg2+ 37. Kh2 Rh5 38. Kg3 Rxh3+ 39. Kf4 Rh4+ 40. Ke5 Rh5+ 41. Kf4 Rf5+ 42. Ke4 Rf7 43. Rxf7 Kxf7 44. Be5 Kg6 45. c4 Bf1 46. b3 Be2 47. Bb8 Bd1 48. b4 Bb3 1/2-1/2

[Event "SVK-chT2B 0506"]
[Site "Slovakia"]
[Date "2006.02.12"]
[Round "9.3"]
[White "Kunovsky, Daniel"]
[Black "Hlinka, Miroslav"]
[Result "0-1"]
[WhiteElo "2071"]
[BlackElo "2128"]
[PlyCount "138"]
[EventDate "2005.10.22"]
[EventType "team-tourn"]
[EventRounds "11"]
[EventCountry "SVK"]
[SourceTitle "EXT 2008"]
[Source "ChessBase"]
[SourceDate "2007.11.25"]
[SourceVersion "1"]
[SourceVersionDate "2007.11.25"]
[SourceQuality "1"]

1. e4 d5 2. exd5 Qxd5 3. Nc3 Qd6 4. Nf3 Nf6 5. d4 a6 6. Be2 Bg4 7. h3 Bh5 8. Be3 e6 9. Qd2 Nc6 10. 0-0 Be7 11. Rad1 Rd8 12. Bf4 Qd7 13. Ne5 Nxe5 14. Bxe5 Bg6 15. Bf3 b5 16. Qe2 c6 17. Ne4 0-0 18. Nc5 Qc8 19. a4 Nd7 20. axb5 Nxe5 21. Qxe5 Bd6 22. Qe2 axb5 23. Nd3 Qc7 24. c3 Ra8 25. Ra1 Qb6 26. Ne5 Bxe5 27. Qxe5 Bd3 28. Rfe1 Bc4 29. Qd6 Rac8 30. Ra3 Rfd8 31. Qe7 Qc7 32. Qxc7 Rxc7 33. Rea1 g6 34. Ra6 c5 35. Ra8 Rxa8 36. Rxa8+ Kg7 37. dxc5 Rxc5 38. Rd8 Kf6 39. g4 Re5 40. Kg2 Bd5 41. Bxd5 Rxd5 42. Rc8 h5 43. c4 bxc4 44. Rxc4 hxg4 45. hxg4 Rd2 46. b4 Rb2 47. Re4 Kg5 48. Kg3 Rb3+ 49. f3 Kf6 50. Rf4+ Ke7 51. g5 e5 52. Re4 Ke6 53. Kg4 Kd5 54. Kg3 Rb1 55. Kf2 Rb3 56. Kg3 Rd3 57. Re1 Ke6 58. Rb1 Kf5 59. b5 Kxg5 60. b6 Rd8 61. b7 Rb8 62. Rb5 f5 63. Rxe5 Rxb7 64. Rc5 Re7 65. Rb5 Re1 66. Rc5 Kf6 67. Rb5 Rg1+ 68. Kf2 Rg5 69. Ke3 f4+ 0-1

[Event "SVK-chT2B 0506"]
[Site "Slovakia"]
[Date "2006.01.15"]
[Round "7.3"]
[White "Huliak, Pavol"]
[Black "Hlinka, Miroslav"]
[Result "0-1"]
[WhiteElo "2110"]
[BlackElo "2128"]
[PlyCount "82"]
[EventDate "2005.10.22"]
[EventType "team-tourn"]
[EventRounds "11"]
[EventCountry "SVK"]
[SourceTitle "EXT 2008"]
[Source "ChessBase"]
[SourceDate "2007.11.25"]
[SourceVersion "1"]
[SourceVersionDate "2007.11.25"]
[SourceQuality "1"]

1. d4 Nf6 2. Nf3 e6 3. c4 d5 4. Nc3 Be7 5. Bf4 a6 6. c5 0-0 7. Rc1 Nc6 8. e3 Nh5 9. Bg3 Nxg3 10. hxg3 g6 11. Qb3 Bf6 12. Be2 Qd7 13. Nd2 Rd8 14. f4 Bg7 15. Kf2 f6 16. Bg4 Qf7 17. Bf3 Ne7 18. Bg4 e5 19. Bxc8 Rdxc8 20. dxe5 fxe5 21. Nf3 Bf6 22. Rcd1 c6 23. Rd2 Rc7 24. Ne2 Re8 25. Rf1 Nf5 26. g4 exf4 27. exf4 Ne3 28. Rc1 Nxg4+ 29. Kg1 Rce7 30. Ng3 Re3 31. Qd1 Qe7 32. Nf1 Re4 33. g3 Ne3 34. Nxe3 Rxe3 35. Rcc2 Qe4 36. Kf2 h5 37. Nh2 h4 38. Nf3 hxg3+ 39. Kxg3 Bh4+ 40. Kg4 Qf5+ 41. Kxh4 Qxf4+ 0-1

[Event "SVK-chT2B 0506"]
[Site "Slovakia"]
[Date "2005.12.18"]
[Round "6.3"]
[White "Hlinka, Miroslav"]
[Black "Bombek, Peter"]
[Result "0-1"]
[WhiteElo "2128"]
[BlackElo "2218"]
[PlyCount "98"]
[EventDate "2005.10.22"]
[EventType "team-tourn"]
[EventRounds "11"]
[EventCountry "SVK"]
[SourceTitle "EXT 2008"]
[Source "ChessBase"]
[SourceDate "2007.11.25"]
[SourceVersion "1"]
[SourceVersionDate "2007.11.25"]
[SourceQuality "1"]

1. d4 d5 2. c4 dxc4 3. Nf3 a6 4. e3 Bg4 5. Bxc4 e6 6. 0-0 Nc6 7. Nc3 Nf6 8. a3 Bd6 9. b4 0-0 10. Bb2 e5 11. dxe5 Nxe5 12. Be2 Qe7 13. Nd5 Nxd5 14. Qxd5 c6 15. Qd4 Rfd8 16. Nxe5 Bxe2 17. Nxc6 Bxh2+ 18. Kxh2 Qc7+ 19. Qe5 Qxe5+ 20. Nxe5 Bxf1 21. Rxf1 Rd2 22. Bd4 Ra2 23. Nc4 Rc8 24. Nb6 Rcc2 25. a4 Rxf2 26. Rxf2 Rxf2 27. Nd7 Rc2 28. a5 Rc6 29. Nc5 b6 30. Na4 b5 31. Nb6 f6 32. Nd5 Kf7 33. Bb6 Rc4 34. Bc5 Ke6 35. Nc7+ Kd7 36. Nxa6 Kc6 37. Bb6 f5 38. Kg3 g5 39. Bc5 Kb7 40. Be7 Kxa6 41. Kf3 h6 42. Bf8 h5 43. Be7 Kb7 44. Bf8 h4 45. Be7 g4+ 46. Kf2 Rc2+ 47. Kf1 Rc1+ 48. Kf2 g3+ 49. Ke2 h3 0-1